| 000 | 01211nam a2200373 i 4500 | ||
|---|---|---|---|
| 001 | 27066 | ||
| 003 | KOSZ 005 | ||
| 005 | 20200820093046.0 | ||
| 008 | 200820s1972 pl a f 000 0 pol | ||
| 015 | _aPB 1972/11166 | ||
| 040 |
_aWA N _cWA N _dKOSZ 005/RW |
||
| 046 | _k1972 | ||
| 080 | _a519.2 | ||
| 100 | 1 |
_aZieliński, Ryszard _d(1932-2012) _eAutor |
|
| 245 | 1 | 0 |
_aTablice statystyczne / _cRyszard Zieliński. |
| 260 |
_aWarszawa : _bPaństwowe Wydawnictwo Naukowe, _c1972. |
||
| 300 |
_a390, [2] stron : _berrata ; _c30 cm + _esuwak. |
||
| 336 |
_aTekst _btxt _2rdacontent |
||
| 337 |
_aBez urządzenia pośredniczącego _bn _2rdamedia |
||
| 338 |
_aWolumin _bnc _2rdacarrier |
||
| 380 | _aKsiążki | ||
| 380 | _aPublikacje fachowe | ||
| 388 | 1 | _a1901-2000 | |
| 388 | 1 | _a1945-1989 | |
| 504 | _aBibliografia na stronie 387. | ||
| 650 | 7 | _aStatystyka | |
| 655 | 7 | _aTablice i wzory | |
| 658 | _aMatematyka | ||
| 658 | _aFizyka i astronomia | ||
| 658 | _aInżynieria i technika | ||
| 710 | 2 |
_aPaństwowe Wydawnictwo Naukowe _4pbl |
|
| 856 |
_uhttp://koha.tu.koszalin.pl/cgi-bin/koha/opac-detail.pl?biblionumber=27066 _yKatalog online BPK |
||
| 942 |
_2UKD _cKS |
||
| 999 |
_c27066 _d27066 |
||